Multinational retailing
Bewaard in:
| Hoofdauteur: | |
|---|---|
| Formaat: | Boek |
| Taal: | Undetermined |
| Gepubliceerd in: |
Michigan
MSU
1970
|
| Onderwerpen: | |
| Tags: |
Voeg label toe
Geen labels, Wees de eerste die dit record labelt!
|
| Thư viện lưu trữ: | Trung tâm Học liệu Trường Đại học Cần Thơ |
|---|
| LEADER | 00434nam a2200169Ia 4500 | ||
|---|---|---|---|
| 001 | CTU_32616 | ||
| 008 | 210402s9999 xx 000 0 und d | ||
| 082 | |a 658.87 | ||
| 082 | |b H737 | ||
| 100 | |a Stanley C. Hollander | ||
| 245 | 0 | |a Multinational retailing | |
| 245 | 0 | |c Stanley C. Hollander | |
| 260 | |a Michigan | ||
| 260 | |b MSU | ||
| 260 | |c 1970 | ||
| 650 | |a marketing | ||
| 980 | |a Trung tâm Học liệu Trường Đại học Cần Thơ | ||